Numerical Methods in Science and Engineering / (Record no. 594021)

000 -LEADER
fixed length control field 00855nam a22001457a 4500
003 - CONTROL NUMBER IDENTIFIER
control field NUST
020 ## - INTERNATIONAL STANDARD BOOK NUMBER
International Standard Book Number 9789386217646
082 ## - DEWEY DECIMAL CLASSIFICATION NUMBER
Classification number 519.4,KUM
100 ## - MAIN ENTRY--PERSONAL NAME
Personal name K. Pundir, Sudhir
9 (RLIN) 111008
245 ## - TITLE STATEMENT
Title Numerical Methods in Science and Engineering /
Statement of responsibility, etc. Dr Sudhir K. Pundir
260 ## - PUBLICATION, DISTRIBUTION, ETC.
Place of publication, distribution, etc. India
Name of publisher, distributor, etc. CBS Publications
Date of publication, distribution, etc. 2017
300 ## - PHYSICAL DESCRIPTION
Extent 892 p
505 ## - FORMATTED CONTENTS NOTE
Formatted contents note Programming in C (Page-1), Error and Approximations (Page-93),Numerical Solution of Algebraic (Page-155), Solution of Simultaneous Linear Algebra (Page-251), Finite Difference and Interpolation (Page-299), Numerical Differentiation and Integrations (Page-423), Matrix Inversion and Eigen (Page527), Difference Equations (Page-631), Numerical Solution of Ordinary Differential (Page-669), Numerical Solution of Partial Differential Equations (Page-743), Method of Least Squares (Page-795).
942 ## - ADDED ENTRY ELEMENTS (KOHA)
Source of classification or shelving scheme
Koha item type Book
Holdings
Withdrawn status Lost status Source of classification or shelving scheme Damaged status Not for loan Permanent Location Current Location Shelving location Date acquired Full call number Barcode Date last seen Price effective from Koha item type Public note
          Military College of Signals (MCS) Military College of Signals (MCS) General Stacks 03/22/2023 519.4,KUM MCS38458 03/22/2023 03/22/2023 Book Almirah Fresh No.44, Shelf No.6
© 2023 Central Library, National University of Sciences and Technology. All Rights Reserved.